Personnages Morts à la fin de Game of Thrones (Mort subite) - Statistiques

Statistiques générales
  • Ce quiz a été pris 1 100 fois
  • Le résultat moyen est 17 sur 30
Answers on the Grid
Answers color-coded by a green-red scale on the quiz's grid according to % correct below.
Arya Stark
Brann Stark
Brienne de Torth
Bronn
Catelyn Stark
Cersei Lannister
Daenerys Targaryen
Davos
Drogon
Euron Greyjoy
Fantôme
Gendry Baratheon
Gregor Clegane " La Montagne"
Hodor
Jaime Lannister
Jaqen H'ghar
Joffrey Baratheon
Jon Snow
Jorah Mormont
Khal Drogo
Le Roi de la Nuit
Littlefinger
Margaery Tyrell
Melisandre
Mestre Aemon
Missandei
Myrcella Baratheon
Ned Stark
Oberyn Martell
Olenna Tyrell
Podrick Payne
Ramsay Bolton
Rickon Stark
Robb Stak
Robert Baratheon
Robin Arryn
Samwell Tarly
Sandor Clegane "Le Limier"
Sansa Stark
Theon Greyjoy
Tommen Baratheon
Tormund
Tourte-Chaude
Tyrion Lannister
Tywin Lannister
Varys
Ver Gris
Vère
Viserys Targaryen
Yara Greyjoy
 
Statistiques - réponses
Réponse % Correct
Ned Stark
63%
Cersei Lannister
62%
Joffrey Baratheon
62%
Robert Baratheon
62%
Le Roi de la Nuit
61%
Catelyn Stark
60%
Hodor
60%
Khal Drogo
60%
Littlefinger
60%
Ramsay Bolton
59%
Daenerys Targaryen
58%
Tywin Lannister
58%
Gregor Clegane " La Montagne"
57%
Robb Stak
57%
Rickon Stark
56%
Missandei
55%
Tommen Baratheon
55%
Jaime Lannister
54%
Margaery Tyrell
54%
Oberyn Martell
54%
Olenna Tyrell
53%
Viserys Targaryen
53%
Myrcella Baratheon
52%
Sandor Clegane "Le Limier"
52%
Jorah Mormont
51%
Melisandre
49%
Varys
49%
Theon Greyjoy
48%
Mestre Aemon
47%
Euron Greyjoy
46%
Aucun quiz correspondant
Distribution des résultats
% des personnes avec chaque résultat
Percentile par nombre de réponses
Votre historique - résultats
Vous n’avez pas pris ce quiz